Statistics for The Lord of the Rings - Alternative names

Click here to take the quiz!

General Stats

  • This quiz has been taken 133 times
  • The average score is 18 of 24

Answer Stats

HintAnswer% Correct
SméagolGollum
97%
MithrandirGandalf
96%
OakenshieldThorin
96%
AragornStrider
95%
Mr. UnderhillFrodo Baggins
93%
RingwraithsNazgûl
93%
GrímaWormtongue
92%
NecromancerSauron
90%
EvenstarArwen
86%
Khazad-dûmMoria
85%
GreenleafLegolas
84%
Seeing StonePalantír
82%
Isildur's BaneThe One Ring
82%
FangornTreebeard
81%
NarsilAnduril
72%
Minas AnorMinas Tirith
72%
SharkeySaruman
71%
Great RiverAnduin
69%
OrodruinMount Doom
69%
ImladrisRivendell
69%
DernhelmÉowyn
53%
WesternesseNúmenor
46%
Ered LuinBlue Mountains
35%
MithlondGrey Havens
34%

Score Distribution

Percentile by Number Answered

Percent of People with Each Score

Your Score History

You have not taken this quiz